Suburbs of Campbelltown, NSW - Statistics

General Stats
  • This quiz has been taken 75 times
  • The average score is 10 of 26
Answer Stats
Direction Hint Answer % Correct
East Fairly dodgy suburb with a juvenile correctional centre. Airds
72%
South Another notorious suburb. Home of Thomas Reddall High. Ambarvale
61%
North Home to Wests Leagues Club and Campbelltown Sports Stadium. Is commonly misspelled. Leumeah
58%
North Another dodgy suburb. Home of Jarryd Hayne and pronounced without the 't'. Minto
58%
South Central suburb where the annual Fisher's ghost festival is held and home to the Gordon Fetterplace aquatic centre. Bradbury
56%
North Home to Hurlstone Agricultural High. Glenfield
56%
West Originally a government housing commission experiment, to this day deemed a failure. Claymore
53%
South Nicknamed 'Roseghetto' for its lower-class reputation, John Therry is located here. Rosemeadow
50%
Northwest Closed estate home to a golf course. Macquarie Links
44%
North Suburb named after a former state governor, and home to Simmo's Beach. Macquarie Fields
42%
North Suburb used primarily for industry and trade. Home to a lot of warehouses and car yards.. Ingleburn
36%
West Suburb which sounds similar to Cairns, but sounds different and is spelt different.. Kearns
36%
Southeast Another well-kept suburb, home to Campbelltown Golf Course. Glen Alpine
33%
North Small suburb named after the creek that runs through it. Bow Bowing
31%
East Another sparse suburb on the Georges River. Kentlyn
31%
North Named after the patron saint of Scotland St Andrews
28%
Southeast suburb on the Georges River also named after a saint. Across Appin Road from Roseghetto. St Helens Park
28%
North Sparse suburb, composed of mostly wealthy people who own a lot of land. Denham Court
25%
South Small suburb south of Macarthur Square. Englorie Park
25%
East Junction Road is the main straight, and home to the St Thomas More Parish. Ruse
25%
Northwest Mount Carmel High School is here and that's about it. Varroville
25%
West Well-kept suburb with high cultural diversity (full of asians), with a central hill and a Latter Day Saints church. Blair Athol
22%
Southeast Another sparse suburb home to an airfield and various campsites Wedderburn
22%
North Known for its concentration of fast food restaurants. Named after a cigarette brand. Woodbine
22%
West Home to St Mary Immaculate Primary school. Eagle Vale
19%
Southwest Small, remote suburb. Home to Tabcorp Park Menangle Park
14%
No matching quizzes found
Score Distribution
Percent of People with Each Score
Percentile by Number Answered
Your Score History
You have not taken this quiz